Biblioteca

Deities and dolphins : (Registro nro. 65679)

Detalles MARC
000 -LÍDER
Campo fijo de descripción fija 01685cam a2200373 i 4500
001 - NÚMERO DE CONTROL
Campo de control 768714001
003 - IDENTIFICADOR DEL NÚMERO DE CONTROL
Campo de control CO-MdFUSB
005 - FECHA Y HORA DE LA ULTIMA TRANSACCIÓN
control field 20201014085432.0
007 - CAMPO FIJO DE DESCRIPCIÓN FIJA--INFORMACIÓN GENERAL
Campo fijo de descripción fija ta
008 - ELEMENTOS DE LONGITUD FIJA -- INFORMACIÓN GENERAL
Campo fijo de descripción fija -- Información general 711228s1965 nyuabe b 001 0 eng
010 ## - NÚMERO DE CONTROL DE LA BIBLIOTECA DEL CONGRESO
Número de control LC 64019808
020 ## - NÚMERO INTERNACIONAL NORMALIZADO PARA LIBROS
Número Internacional Normalizado del libro [no incluye ISBN]
040 ## - FUENTE DE CATALOGACIÓN
Agencia de catalogación original DLC
Idioma de catalogación eng
Agencia que realiza la transcripción CO-MdFUSB
Agencia que realiza la modificación MUQ
-- CO-MdFUSB
-- NLGGC
-- BTCTA
-- YDXCP
-- OCLCG
-- HEBIS
-- DEBBG
-- OCLCA
-- GDC
-- GBVCP
-- HRH
-- OCLCF
-- OCLCQ
-- OCL
-- OCLCQ
-- NLC
-- CSJ
-- OCLCO
-- OCLCQ
-- XFF
-- TYC
-- OCLCQ
-- CNO
-- OCLCA
-- YT6
-- OCLCQ
-- BGU
-- OCLCQ
-- LCOAD
-- BRX
-- U3G
-- OCLCQ
Convenciones de la descripción rda
041 ## - CÓDIGO DE IDIOMA
Código de idioma para texto/pista de sonido o título separado eng
082 ## - NÚMERO DE CLASIFICACIÓN DECIMAL DEWEY
Número de la edición del Dewey 23
Número de clasificación 933.4
Clave de autor-Numero de item G567
100 1# - ASIENTO PRINCIPAL--NOMBRE PERSONAL
Nombre personal Glueck, Nelson,
Fechas asociadas con el nombre 1900-1972.
Término relacionador autor
245 10 - TÍTULO
Título del Material Deities and dolphins :
Parte restante del título - Subtitulo the story of the Nabataeans /
Mención de responsabilidad, etc. Nelson Glueck.
264 #1 - PRODUCCIÓN, PUBLICACIÓN, DISTRIBUCIÓN, MANUFACTURA, Y COPYRIGHT
Lugar de producción, publicación, distribución, manufactura New York :
Nombre del productor, publicador, distribuidor Straus and Giroux,
Fecha de producción, publicación, distribución, manufactura, o copyright [1965]
264 #4 - PRODUCCIÓN, PUBLICACIÓN, DISTRIBUCIÓN, MANUFACTURA, Y COPYRIGHT
Fecha de producción, publicación, distribución, manufactura, o copyright © 1965
300 ## - DESCRIPCIÓN FÍSICA
Extensión xii, 650 páginas :
Otros detalles físicos ilustraciones, mapas, planos
Dimensiones 27 cm.
336 ## - TIPO DE CONTENIDO
Término de tipo de contenido texto
Código de tipo de contenido txt
Fuente rdacontent.
337 ## - TIPO DE MEDIO
Nombre del tipo de medio sin mediación
Código del tipo de medio n
Fuente rdamedia.
338 ## - TIPO DE SOPORTE
Nombre del tipo de soporte volumen
Código Tipo de soporte nc
Fuente rdacarrier.
504 ## - NOTA DE BIBLIOGRAFÍA, ETC.
Nota de bibliografía, etc Incluye referencias bibliográficas (páginss 559-570)
505 0# - NOTA DE CONTENIDO
Nota de contenido con formato preestablecido Comenzaron como beduinos -Santuarios sin número -La historia de un templo -Ortodoxia arquitectónica -Cenar con la divinidad -<br/>Por sus dioses los conoceréis -Esculturas anónimas -Claramente diferentes -Primero entre iguales -Afinidad con delfines Atargatis-Afrodita -En el centro del firmamento -La base astral de la creencia nabatea -Nombres significativos -Resplandor crepuscular.
563 ## - NOTA DE ENCUADERNACIÓN
Nota de encuadernación Rústico
651 #7 - ASIENTO SECUNDARIO DE MATERIA - NOMBRE GEOGRAFICO
Nombre geográfico Israel
Subdivisión general Historia
653 ## - TÉRMINO DE INDIZACIÓN - NO CONTROLADO
Término no controlado Historia antigua.
942 ## - TIPO DE MATERIAL (KOHA)
Tipo de Item KOHA Libros General
945 ## - INFORMACIÓN LOCAL DEL REGISTRO
Catalogador JTF-925
Existencias
Estado de Material Estado de Perdido Forma de Clasificación Estado de Dañado No para Préstamo Colección Biblioteca de Origen Biblioteca Permanente Fecha de Adquisición Forma de Adquisición Área Total de Préstamos Signatura Topográfica Código de Barras Última vez visto Ejemplar/Existencia Fecha de Remplazo Tipo de Material
    Dewey Decimal Classification     Colección General Biblioteca FUSBC Biblioteca FUSBC 16/04/2020 Donación Nottingham HISTORIA DEL CRISTIANISMO   G 933.4 G567d 9360 16/04/2020 Ej.1 16/04/2020 Libros General

Biblioteca FUSBC | Teléfono: (57+4) 349 88 10 Ext. 141| WhatsApp (+57) 3005338115 
E-mail: biblioteca@unisbc.edu.co | Calle 76 87-14 Robledo Palenque, Medellín, Colombia

Con tecnología Koha